000 01080nam a22003257a 4500
003 CHAP
005 20220329134544.0
008 971013s1970 r 00010 d
010 _a22138
011 _a23110
035 _a27205
040 _cCHAP
082 _a630.24
_bA88 1970
110 _aAssociation of Official Analytical Chemists
_98163
245 _aOfficial methods of analysis
250 _a11 ed.
260 _aWashington :
_bAssociation of Official Analytical Chemists,
_c1970
300 _a1015 p.
_b: ilus
590 _aBATCH-UPD
_b10
_c20130110
_lUCH01
_h2052
590 _aBATCH-UPD
_b10
_c20130410
_lUCH01
_h1405
590 _aBATCH-UPD
_b10
_c20130914
_lUCH01
_h1624
590 _aCONVERSION
_b10
_c20130109
_lUCH01
_h1313
650 1 4 _aQuímica agrícola.
_993576
650 1 4 _aQuímica analítica.
_993582
700 0 _aHorwitz, William.
_956403
901 _aBK
942 _cLIBRO
949 _a630.24 A88 1970
_bBC
_cLIBRO
_d33724000029088
_eLIBRO
_h19270
_i27205
_mD
_si
949 _a630.24 A88 1970
_bBC
_cLIBRO
_d33724000029096
_eLIBRO
_fc.2
_h40093
_i27205
_mD
_si
999 _c22138
_d22138